[Event "Stay Safe Play From Home 131"]
[Site "T#645805Emanuel Laske"]
[Date "2020.05.07"]
[Round "3"]
[White "Shatarchin7"]
[Black "Nickless0"]
[Result "0-1"]
[WhiteElo "2049"]
[BlackElo "1953"]
[PlyCount "122"]
[EventDate "2020.05.07"]
[EventType "swiss (blitz)"]

1. Nf3 {[%emt 0:00:01]} d5 {[%emt 0:00:02]} 2. e3 {[%emt 0:00:01]} c5 {[%emt 0:00:01]} 3. c4 {[%emt 0:00:01]} Nf6 {[%emt 0:00:03]} 4. cxd5 {[%emt 0:00:01]} Nxd5 {[%emt 0:00:00]} 5. b3 {[%emt 0:00:01]} Nc6 {[%emt 0:00:01]} 6. Bb2 {[%emt 0:00:01]} e6 {[%emt 0:00:07]} 7. Be2 {[%emt 0:00:01]} Bd7 {[%emt 0:00:02]} 8. O-O {[%emt 0:00:01]} Qc7 {[%emt 0:00:02]} 9. Nc3 {[%emt 0:00:01]} O-O-O {[%emt 0:00:05]} 10. Nxd5 {[%emt 0:00:02]} exd5 {[%emt 0:00:01]} 11. d4 {[%emt 0:00:01]} f6 {[%emt 0:00:05]} 12. dxc5 {[%emt 0:00:02]} Bxc5 {[%emt 0:00:00]} 13. Rc1 {[%emt 0:00:01]} Bd6 {[%emt 0:00:06]} 14. a3 {[%emt 0:00:01]} Bg4 {[%emt 0:00:16]} 15. h3 {[%emt 0:00:09]} Bh5 {[%emt 0:00:18]} 16. b4 {[%emt 0:00:03]} Qb6 {[%emt 0:00:05]} 17. b5 {[%emt 0:00:02]} Bxf3 {[%emt 0:00:03]} 18. bxc6 {[%emt 0:00:17]} Bxe2 {[%emt 0:00:23]} 19. cxb7+ {[%emt 0:00:03]} Kxb7 {[%emt 0:00:11]} 20. Qxe2 {[%emt 0:00:01]} Ka8 {[%emt 0:00:07]} 21. Bd4 {[%emt 0:00:04]} Qa5 {[%emt 0:00:04]} 22. Rc6 {[%emt 0:00:12]} Kb7 {[%emt 0:00:11]} 23. Rc3 {[%emt 0:00:10]} Rc8 {[%emt 0:00:06]} 24. Rb1+ {[%emt 0:00:03]} Ka8 {[%emt 0:00:01]} 25. Rcb3 {[%emt 0:00:07]} Rb8 {[%emt 0:00:04]} 26. g3 {[%emt 0:00:04]} Rxb3 {[%emt 0:00:05]} 27. Rxb3 {[%emt 0:00:00]} Rb8 {[%emt 0:00:02]} 28. Rd3 {[%emt 0:00:09]} Rb1+ {[%emt 0:00:04]} 29. Kg2 {[%emt 0:00:01]} Qe1 {[%emt 0:00:02]} 30. Qxe1 {[%emt 0:00:07]} Rxe1 {[%emt 0:00:00]} 31. Bc3 {[%emt 0:00:12]} Rc1 {[%emt 0:00:06]} 32. Bb4 {[%emt 0:00:01]} Bxb4 {[%emt 0:00:02]} 33. axb4 {[%emt 0:00:00]} Rc4 {[%emt 0:00:00]} 34. b5 {[%emt 0:00:05]} Rc5 {[%emt 0:00:02]} 35. Rb3 {[%emt 0:00:01]} Kb7 {[%emt 0:00:01]} 36. Kf3 {[%emt 0:00:05]} Kb6 {[%emt 0:00:01]} 37. g4 {[%emt 0:00:13]} Rxb5 {[%emt 0:00:00]} 38. Rc3 {[%emt 0:00:01]} a5 {[%emt 0:00:01]} 39. Rc8 {[%emt 0:00:01]} a4 {[%emt 0:00:01]} 40. Ke2 {[%emt 0:00:05]} a3 {[%emt 0:00:01]} 41. Rc1 {[%emt 0:00:03]} a2 {[%emt 0:00:03]} 42. Ra1 {[%emt 0:00:01]} Rb2+ {[%emt 0:00:00]} 43. Kd3 {[%emt 0:00:08]} Kb5 {[%emt 0:00:00]} 44. Kc3 {[%emt 0:00:01]} Rxf2 {[%emt 0:00:02]} 45. Kb3 {[%emt 0:00:00]} Rf3 {[%emt 0:00:01]} 46. Kxa2 {[%emt 0:00:02]} Rxe3 {[%emt 0:00:00]} 47. Rb1+ {[%emt 0:00:03]} Kc5 {[%emt 0:00:01]} 48. Rb7 {[%emt 0:00:01]} Kd6 {[%emt 0:00:01]} 49. Rxg7 {[%emt 0:00:01]} Rxh3 {[%emt 0:00:00]} 50. Rf7 {[%emt 0:00:00]} Ke5 {[%emt 0:00:00]} 51. Re7+ {[%emt 0:00:00]} Kd6 {[%emt 0:00:01]} 52. Re8 {[%emt 0:00:00]} Rh2+ {[%emt 0:00:00]} 53. Kb3 {[%emt 0:00:01]} Kd7 {[%emt 0:00:00]} 54. Rg8 {[%emt 0:00:01]} Rh3+ {[%emt 0:00:00]} 55. Kb4 {[%emt 0:00:01]} Kd6 {[%emt 0:00:00]} 56. Rd8+ {[%emt 0:00:00]} Ke5 {[%emt 0:00:00]} 57. Re8+ {[%emt 0:00:00]} Kf4 {[%emt 0:00:00]} 58. Rg8 {[%emt 0:00:01]} Ke5 {[%emt 0:00:01]} 59. Kc5 {[%emt 0:00:01]} Kf4 {[%emt 0:00:00]} 60. Kb4 {[%emt 0:00:00]} Rd3 {[%emt 0:00:00]} 61. Rf8 {[%emt 0:00:00]} Rd4+ {[%emt 0:00:00] Temps (Lag: Av=0.62s, max=1.2s)} 0-1

[Event "Stay Safe Play From Home 131"]
[Site "T#645805Emanuel Laske"]
[Date "2020.05.07"]
[Round "3"]
[White "Sfantul321"]
[Black "Kongle"]
[Result "1-0"]
[WhiteElo "2046"]
[BlackElo "1720"]
[PlyCount "65"]
[EventDate "2020.05.07"]
[EventType "swiss (blitz)"]

1. c4 {[%emt 0:00:03]} e5 {[%emt 0:00:02]} 2. Nc3 {[%emt 0:00:01]} Nc6 {[%emt 0:00:01]} 3. g3 {[%emt 0:00:00]} Bc5 {[%emt 0:00:01]} 4. Bg2 {[%emt 0:00:01]} f5 {[%emt 0:00:01]} 5. e3 {[%emt 0:00:01]} Nf6 {[%emt 0:00:01]} 6. d3 {[%emt 0:00:00]} d6 {[%emt 0:00:01]} 7. Nge2 {[%emt 0:00:01]} O-O {[%emt 0:00:01]} 8. O-O {[%emt 0:00:01]} a6 {[%emt 0:00:02]} 9. h3 {[%emt 0:00:01]} Qe8 {[%emt 0:00:01]} 10. Nd5 {[%emt 0:00:01]} Nxd5 {[%emt 0:00:04]} 11. Bxd5+ {[%emt 0:00:02]} Kh8 {[%emt 0:00:02]} 12. Bg2 {[%emt 0:00:01]} Qh5 {[%emt 0:00:08]} 13. Nc3 {[%emt 0:00:02]} Qh6 {[%emt 0:00:02]} 14. Nd5 {[%emt 0:00:02]} Rf7 {[%emt 0:00:10]} 15. Kh2 {[%emt 0:00:03]} f4 {[%emt 0:00:08]} 16. exf4 {[%emt 0:00:01]} Be6 {[%emt 0:00:16]} 17. fxe5 {[%emt 0:00:02]} g5 {[%emt 0:00:19]} 18. exd6 {[%emt 0:00:05]} Bxd6 {[%emt 0:00:05]} 19. Be3 {[%emt 0:00:08]} Ne5 {[%emt 0:00:10]} 20. Bd4 {[%emt 0:00:19]} Kg8 {[%emt 0:00:09]} 21. Bxe5 {[%emt 0:00:03]} Bxe5 {[%emt 0:00:02]} 22. Qe2 {[%emt 0:00:02]} Bd6 {[%emt 0:00:15]} 23. Rae1 {[%emt 0:00:02]} Re8 {[%emt 0:00:04]} 24. b3 {[%emt 0:00:07]} g4 {[%emt 0:00:05]} 25. Qe3 {[%emt 0:00:18]} Qh5 {[%emt 0:00:12]} 26. Qd4 {[%emt 0:00:06]} gxh3 {[%emt 0:00:12]} 27. Be4 {[%emt 0:00:06]} Be5 {[%emt 0:00:09]} 28. Qxe5 {[%emt 0:00:09]} Qxe5 {[%emt 0:00:11]} 29. Bxh7+ {[%emt 0:00:01]} Rxh7 {[%emt 0:00:01]} 30. Rxe5 {[%emt 0:00:01]} Bd7 {[%emt 0:00:03]} 31. Nf6+ {[%emt 0:00:01]} Kg7 {[%emt 0:00:03]} 32. Nxe8+ {[%emt 0:00:02]} Bxe8 {[%emt 0:00:01]} 33. Rxe8 {[%emt 0:00:01] Time (Lag: Av=0.45s, max=0.9s)} 1-0

[Event "Stay Safe Play From Home 131"]
[Site "T#645805Emanuel Laske"]
[Date "2020.05.07"]
[Round "3"]
[White "rohit2007"]
[Black "Tumnik_ad"]
[Result "1-0"]
[WhiteElo "2032"]
[BlackElo "1896"]
[PlyCount "141"]
[EventDate "2020.05.07"]
[EventType "swiss (blitz)"]

1. e4 {[%emt 0:00:01]} e5 {[%emt 0:00:00]} 2. Nf3 {[%emt 0:00:02]} d6 {[%emt 0:00:01]} 3. d4 {[%emt 0:00:02]} exd4 {[%emt 0:00:04]} 4. Nxd4 {[%emt 0:00:01]} Nc6 {[%emt 0:00:00]} 5. Bb5 {[%emt 0:00:01]} Bd7 {[%emt 0:00:01]} 6. Bxc6 {[%emt 0:00:01]} Bxc6 {[%emt 0:00:00]} 7. Nxc6 {[%emt 0:00:01]} bxc6 {[%emt 0:00:00]} 8. c4 {[%emt 0:00:01]} Nf6 {[%emt 0:00:01]} 9. Nc3 {[%emt 0:00:01]} Be7 {[%emt 0:00:02]} 10. O-O {[%emt 0:00:00]} O-O {[%emt 0:00:03]} 11. Be3 {[%emt 0:00:01]} Rb8 {[%emt 0:00:04]} 12. b3 {[%emt 0:00:01]} c5 {[%emt 0:00:01]} 13. Qd3 {[%emt 0:00:02]} Ng4 {[%emt 0:00:02]} 14. Bf4 {[%emt 0:00:03]} Bf6 {[%emt 0:00:02]} 15. h3 {[%emt 0:00:06]} Bxc3 {[%emt 0:00:03]} 16. Qxc3 {[%emt 0:00:02]} Qf6 {[%emt 0:00:00]} 17. Qg3 {[%emt 0:00:07]} Nh6 {[%emt 0:00:10]} 18. e5 {[%emt 0:00:02]} Qe6 {[%emt 0:00:11]} 19. exd6 {[%emt 0:00:02]} cxd6 {[%emt 0:00:02]} 20. Rae1 {[%emt 0:00:08]} Nf5 {[%emt 0:00:16]} 21. Qg4 {[%emt 0:00:16]} Qd7 {[%emt 0:00:02]} 22. Bxd6 {[%emt 0:00:03]} h5 {[%emt 0:00:11]} 23. Qxh5 {[%emt 0:00:19]} Nxd6 {[%emt 0:00:04]} 24. Qxc5 {[%emt 0:00:01]} Rbc8 {[%emt 0:00:23]} 25. Qd5 {[%emt 0:00:08]} Qc6 {[%emt 0:00:03]} 26. Qd4 {[%emt 0:00:02]} Nf5 {[%emt 0:00:02]} 27. Qg4 {[%emt 0:00:09]} Qg6 {[%emt 0:00:03]} 28. Qf4 {[%emt 0:00:05]} Rfe8 {[%emt 0:00:06]} 29. Rd1 {[%emt 0:00:05]} Rcd8 {[%emt 0:00:02]} 30. c5 {[%emt 0:00:04]} Qf6 {[%emt 0:00:18]} 31. c6 {[%emt 0:00:05]} Nd4 {[%emt 0:00:05]} 32. Qxf6 {[%emt 0:00:20]} gxf6 {[%emt 0:00:04]} 33. c7 {[%emt 0:00:01]} Ne2+ {[%emt 0:00:01]} 34. Kh2 {[%emt 0:00:03]} Rc8 {[%emt 0:00:00]} 35. Rd7 {[%emt 0:00:04]} Nf4 {[%emt 0:00:03]} 36. Rfd1 {[%emt 0:00:02]} Ne6 {[%emt 0:00:01]} 37. Rc1 {[%emt 0:00:01]} Kf8 {[%emt 0:00:01]} 38. Kg3 {[%emt 0:00:03]} Re7 {[%emt 0:00:02]} 39. Rd6 {[%emt 0:00:01]} Rexc7 {[%emt 0:00:01]} 40. Rxc7 {[%emt 0:00:01]} Rxc7 {[%emt 0:00:01]} 41. f3 {[%emt 0:00:00]} Ke7 {[%emt 0:00:01]} 42. Ra6 {[%emt 0:00:01]} Rd7 {[%emt 0:00:00]} 43. a4 {[%emt 0:00:01]} Nd8 {[%emt 0:00:00]} 44. Ra5 {[%emt 0:00:01]} Nc6 {[%emt 0:00:02]} 45. Rb5 {[%emt 0:00:01]} Ne5 {[%emt 0:00:00]} 46. a5 {[%emt 0:00:01]} Nd3 {[%emt 0:00:01]} 47. a6 {[%emt 0:00:01]} Ne1 {[%emt 0:00:01]} 48. Rb7 {[%emt 0:00:01]} Kd8 {[%emt 0:00:01]} 49. b4 {[%emt 0:00:01]} Kc8 {[%emt 0:00:01]} 50. Rb5 {[%emt 0:00:01]} Rd2 {[%emt 0:00:01]} 51. Rc5+ {[%emt 0:00:01]} Kd7 {[%emt 0:00:01]} 52. Kf4 {[%emt 0:00:01]} Nxg2+ {[%emt 0:00:01]} 53. Kf5 {[%emt 0:00:02]} Rd6 {[%emt 0:00:01]} 54. b5 {[%emt 0:00:01]} Ne3+ {[%emt 0:00:01]} 55. Kf4 {[%emt 0:00:01]} Nd5+ {[%emt 0:00:01]} 56. Kg4 {[%emt 0:00:03]} Nb6 {[%emt 0:00:00]} 57. h4 {[%emt 0:00:01]} Rd4+ {[%emt 0:00:01]} 58. Kg3 {[%emt 0:00:00]} Rd6 {[%emt 0:00:00]} 59. h5 {[%emt 0:00:01]} Na4 {[%emt 0:00:01]} 60. h6 {[%emt 0:00:00]} Nxc5 {[%emt 0:00:07]} 61. h7 {[%emt 0:00:00]} Rd5 {[%emt 0:00:01]} 62. h8=Q {[%emt 0:00:00]} Rg5+ {[%emt 0:00:00]} 63. Kf4 {[%emt 0:00:01]} Ne6+ {[%emt 0:00:00]} 64. Ke3 {[%emt 0:00:00]} Re5+ {[%emt 0:00:01]} 65. Kf2 {[%emt 0:00:00]} Rd5 {[%emt 0:00:00]} 66. Kg3 {[%emt 0:00:00]} Rd2 {[%emt 0:00:00]} 67. f4 {[%emt 0:00:00]} Rd6 {[%emt 0:00:00]} 68. Kg4 {[%emt 0:00:00]} Rd3 {[%emt 0:00:00]} 69. Kf5 {[%emt 0:00:00]} Rd4 {[%emt 0:00:00]} 70. Kxf6 {[%emt 0:00:00]} Rxf4+ {[%emt 0:00:00]} 71. Ke5 {[%emt 0:00:01] Âðåìÿ . (Lag: Av=0.41s, max=1.0s)} 1-0

[Event "Stay Safe Play From Home 131"]
[Site "T#645805Emanuel Laske"]
[Date "2020.05.07"]
[Round "3"]
[White "MartinKestler"]
[Black "Don59as"]
[Result "1/2-1/2"]
[WhiteElo "1890"]
[BlackElo "2093"]
[PlyCount "132"]
[EventDate "2020.05.07"]
[EventType "swiss (blitz)"]

1. Nf3 {[%emt 0:00:03]} d5 {[%emt 0:00:01]} 2. b3 {[%emt 0:00:01]} g6 {[%emt 0:00:01]} 3. Bb2 {[%emt 0:00:01]} Nf6 {[%emt 0:00:01]} 4. g3 {[%emt 0:00:01]} Bg7 {[%emt 0:00:02]} 5. Bg2 {[%emt 0:00:00]} O-O {[%emt 0:00:01]} 6. O-O {[%emt 0:00:00]} c6 {[%emt 0:00:01]} 7. d4 {[%emt 0:00:01]} h6 {[%emt 0:00:04]} 8. Nbd2 {[%emt 0:00:01]} Be6 {[%emt 0:00:01]} 9. c4 {[%emt 0:00:01]} Qd7 {[%emt 0:00:01]} 10. e3 {[%emt 0:00:02]} Na6 {[%emt 0:00:03]} 11. a3 {[%emt 0:00:01]} Nc7 {[%emt 0:00:01]} 12. Qe2 {[%emt 0:00:01]} Bg4 {[%emt 0:00:02]} 13. Qd3 {[%emt 0:00:04]} Rfe8 {[%emt 0:00:03]} 14. Ne5 {[%emt 0:00:01]} Bf5 {[%emt 0:00:11]} 15. Nxd7 {[%emt 0:00:03]} Bxd3 {[%emt 0:00:01]} 16. Nxf6+ {[%emt 0:00:01]} exf6 {[%emt 0:00:08]} 17. Rfe1 {[%emt 0:00:05]} f5 {[%emt 0:00:01]} 18. cxd5 {[%emt 0:00:03]} Nxd5 {[%emt 0:00:04]} 19. Bxd5 {[%emt 0:00:09]} cxd5 {[%emt 0:00:02]} 20. Rac1 {[%emt 0:00:01]} Rac8 {[%emt 0:00:02]} 21. Rxc8 {[%emt 0:00:01]} Rxc8 {[%emt 0:00:01]} 22. Rc1 {[%emt 0:00:00]} Rc6 {[%emt 0:00:07]} 23. Rxc6 {[%emt 0:00:12]} bxc6 {[%emt 0:00:01]} 24. f3 {[%emt 0:00:06]} Kf8 {[%emt 0:00:05]} 25. Bc3 {[%emt 0:00:06]} Ke8 {[%emt 0:00:09]} 26. Bb4 {[%emt 0:00:03]} Kd7 {[%emt 0:00:01]} 27. Bc5 {[%emt 0:00:01]} a6 {[%emt 0:00:02]} 28. Kf2 {[%emt 0:00:01]} g5 {[%emt 0:00:05]} 29. h3 {[%emt 0:00:08]} Bf6 {[%emt 0:00:02]} 30. g4 {[%emt 0:00:04]} fxg4 {[%emt 0:00:05]} 31. hxg4 {[%emt 0:00:05]} Bg6 {[%emt 0:00:01]} 32. f4 {[%emt 0:00:06]} gxf4 {[%emt 0:00:06]} 33. exf4 {[%emt 0:00:01]} h5 {[%emt 0:00:13]} 34. gxh5 {[%emt 0:00:04]} Bxh5 {[%emt 0:00:01]} 35. Ke3 {[%emt 0:00:07]} Ke6 {[%emt 0:00:02]} 36. b4 {[%emt 0:00:12]} Bh4 {[%emt 0:00:01]} 37. Nb3 {[%emt 0:00:03]} Bd1 {[%emt 0:00:08]} 38. Na5 {[%emt 0:00:01]} Kd7 {[%emt 0:00:01]} 39. Kd2 {[%emt 0:00:05]} Ba4 {[%emt 0:00:02]} 40. Ke3 {[%emt 0:00:01]} Bd8 {[%emt 0:00:02]} 41. Kf3 {[%emt 0:00:04]} Ke6 {[%emt 0:00:09]} 42. Kg4 {[%emt 0:00:01]} Bd1+ {[%emt 0:00:03]} 43. Kg3 {[%emt 0:00:01]} Kd7 {[%emt 0:00:02]} 44. Kf2 {[%emt 0:00:02]} Bxa5 {[%emt 0:00:04]} 45. bxa5 {[%emt 0:00:01]} Ke6 {[%emt 0:00:01]} 46. Ke3 {[%emt 0:00:01]} Kf5 {[%emt 0:00:01]} 47. Bd6 {[%emt 0:00:01]} Bb3 {[%emt 0:00:03]} 48. Bc5 {[%emt 0:00:01]} Bc4 {[%emt 0:00:01]} 49. Bd6 {[%emt 0:00:00]} Kg4 {[%emt 0:00:01]} 50. Bc5 {[%emt 0:00:01]} f5 {[%emt 0:00:01]} 51. Bd6 {[%emt 0:00:01]} Kg3 {[%emt 0:00:01]} 52. Bb4 {[%emt 0:00:01]} Kg2 {[%emt 0:00:01]} 53. Bd6 {[%emt 0:00:01]} Kf1 {[%emt 0:00:01]} 54. Bb4 {[%emt 0:00:01]} Bb5 {[%emt 0:00:03]} 55. Bd6 {[%emt 0:00:00]} Ke1 {[%emt 0:00:01]} 56. Bb4+ {[%emt 0:00:00]} Kd1 {[%emt 0:00:01]} 57. Bd6 {[%emt 0:00:00]} Kc2 {[%emt 0:00:01]} 58. Kf3 {[%emt 0:00:01]} Kb3 {[%emt 0:00:00]} 59. Bc5 {[%emt 0:00:02]} Ka4 {[%emt 0:00:01]} 60. Kg3 {[%emt 0:00:01]} Kxa5 {[%emt 0:00:02]} 61. Kh4 {[%emt 0:00:00]} Bd3 {[%emt 0:00:01]} 62. Kg5 {[%emt 0:00:00]} Kb5 {[%emt 0:00:01]} 63. Kf6 {[%emt 0:00:00]} Be4 {[%emt 0:00:00]} 64. Ke6 {[%emt 0:00:01]} a5 {[%emt 0:00:00]} 65. Kd7 {[%emt 0:00:01]} a4 {[%emt 0:00:00] Don59as offers a draw} 66. Kc7 {[%emt 0:00:01]} Bd3 {[%emt 0:00:01] (Lag: Av=0.55s, max=1.2s)} 1/2-1/2

[Event "Stay Safe Play From Home 131"]
[Site "T#645805Emanuel Laske"]
[Date "2020.05.07"]
[Round "3"]
[White "Chase the sun"]
[Black "matanant"]
[Result "1-0"]
[WhiteElo "1881"]
[BlackElo "1793"]
[Annotator "NA"]
[PlyCount "37"]
[EventDate "2020.05.07"]
[EventType "swiss (blitz)"]

1. e4 {[%emt 0:00:15]} e5 {[%emt 0:00:02]} 2. Nc3 {[%emt 0:00:02]} Nf6 {[%emt 0:00:02]} 3. g3 {[%emt 0:00:02]} Bc5 {[%emt 0:00:03]} 4. Bg2 {[%emt 0:00:01]} d6 {[%emt 0:00:01]} 5. Nge2 {[%emt 0:00:01]} O-O {[%emt 0:00:02]} 6. O-O {[%emt 0:00:01]} Bg4 {[%emt 0:00:05]} 7. h3 {[%emt 0:00:02]} Be6 {[%emt 0:00:01]} 8. Kh2 {[%emt 0:00:02]} g5 {[%emt 0:00:05]} 9. d3 {[%emt 0:00:03]} h6 {[%emt 0:00:02]} 10. f4 {[%emt 0:00:06]} exf4 {[%emt 0:00:02]} 11. gxf4 {[%emt 0:00:00]} gxf4 {[%emt 0:00:04]} 12. Nxf4 {[%emt 0:00:00]} Kh7 {[%emt 0:00:06]} 13. Nh5 {[%emt 0:00:04]} Nbd7 {[%emt 0:00:07]} 14. d4 {[%emt 0:00:10]} Bb6 {[%emt 0:00:04]} 15. e5 {[%emt 0:00:01]} dxe5 {[%emt 0:00:06]} 16. dxe5 {[%emt 0:00:00]} Nxh5 {[%emt 0:00:02]} 17. Qxh5 {[%emt 0:00:02]} Rh8 {[%emt 0:00:08]} 18. Rxf7+ {[%emt 0:00:13]} Kg8 {[%emt 0:00:06]} 19. Qg6# {[%emt 0:00:02] (Lag: Av=0.67s, max=1.3s)} 1-0

[Event "Stay Safe Play From Home 131"]
[Site "T#645805Emanuel Laske"]
[Date "2020.05.07"]
[Round "3"]
[White "chessuliu"]
[Black "Dukic"]
[Result "0-1"]
[WhiteElo "1735"]
[BlackElo "1774"]
[Annotator "NA"]
[PlyCount "38"]
[EventDate "2020.05.07"]
[EventType "swiss (blitz)"]

1. d4 {[%emt 0:00:02]} c6 {[%emt 0:00:01]} 2. Nf3 {[%emt 0:00:02]} d6 {[%emt 0:00:01]} 3. e3 {[%emt 0:00:03]} Bg4 {[%emt 0:00:01]} 4. Be2 {[%emt 0:00:01]} Nd7 {[%emt 0:00:02]} 5. O-O {[%emt 0:00:01]} Ngf6 {[%emt 0:00:02]} 6. c3 {[%emt 0:00:01]} Qc7 {[%emt 0:00:02]} 7. b4 {[%emt 0:00:01]} e5 {[%emt 0:00:01]} 8. Nbd2 {[%emt 0:00:02]} e4 {[%emt 0:00:02]} 9. Ne1 {[%emt 0:00:01]} Bxe2 {[%emt 0:00:02]} 10. Qxe2 {[%emt 0:00:01]} d5 {[%emt 0:00:00]} 11. a4 {[%emt 0:00:02]} Bd6 {[%emt 0:00:02]} 12. h3 {[%emt 0:00:07]} Qd8 {[%emt 0:00:10]} 13. Ba3 {[%emt 0:00:03]} Qe7 {[%emt 0:00:03]} 14. Nc2 {[%emt 0:00:14]} O-O {[%emt 0:00:02]} 15. b5 {[%emt 0:00:01]} c5 {[%emt 0:00:08]} 16. dxc5 {[%emt 0:00:05]} Nxc5 {[%emt 0:00:01]} 17. Nb4 {[%emt 0:00:09]} Rac8 {[%emt 0:00:05]} 18. Qd1 {[%emt 0:00:10]} Qe5 {[%emt 0:00:03]} 19. Nb3 {[%emt 0:00:22]} Qh2# {[%emt 0:00:03] (Lag: Av=0.44s, max=0.5s)} 0-1

[Event "Stay Safe Play From Home 131"]
[Site "T#645805Emanuel Laske"]
[Date "2020.05.07"]
[Round "3"]
[White "DACHI2020"]
[Black "Edmatuag"]
[Result "0-1"]
[WhiteElo "1567"]
[BlackElo "1715"]
[Annotator "NA"]
[PlyCount "58"]
[EventDate "2020.05.07"]
[EventType "swiss (blitz)"]

1. e4 {[%emt 0:00:03]} d5 {[%emt 0:00:00]} 2. exd5 {[%emt 0:00:02]} Qxd5 {[%emt 0:00:02]} 3. Nf3 {[%emt 0:00:01]} c6 {[%emt 0:00:03]} 4. g3 {[%emt 0:00:01]} Bg4 {[%emt 0:00:03]} 5. Bg2 {[%emt 0:00:01]} Qd8 {[%emt 0:00:09]} 6. d3 {[%emt 0:00:01]} Nd7 {[%emt 0:00:04]} 7. Nbd2 {[%emt 0:00:01]} e6 {[%emt 0:00:06]} 8. O-O {[%emt 0:00:01]} Ngf6 {[%emt 0:00:03]} 9. Re1 {[%emt 0:00:01]} Be7 {[%emt 0:00:02]} 10. c3 {[%emt 0:00:01]} O-O {[%emt 0:00:02]} 11. Qc2 {[%emt 0:00:01]} Nc5 {[%emt 0:00:05]} 12. d4 {[%emt 0:00:03]} Bf5 {[%emt 0:00:02]} 13. Qd1 {[%emt 0:00:08]} Nd3 {[%emt 0:00:07]} 14. Re3 {[%emt 0:00:05]} Nd5 {[%emt 0:00:04]} 15. Re2 {[%emt 0:00:03]} b5 {[%emt 0:00:13]} 16. Ne1 {[%emt 0:00:01]} Nxc1 {[%emt 0:00:07]} 17. Rxc1 {[%emt 0:00:04]} Bg4 {[%emt 0:00:06]} 18. f3 {[%emt 0:00:02]} Bh5 {[%emt 0:00:03]} 19. Nf1 {[%emt 0:00:03]} Bg5 {[%emt 0:00:07]} 20. Kh1 {[%emt 0:00:04]} Bxc1 {[%emt 0:00:05]} 21. Qxc1 {[%emt 0:00:01]} h6 {[%emt 0:00:04]} 22. Rf2 {[%emt 0:00:11]} Bg6 {[%emt 0:00:08]} 23. Ne3 {[%emt 0:00:02]} Qa5 {[%emt 0:00:05]} 24. a3 {[%emt 0:00:03]} Rac8 {[%emt 0:00:06]} 25. f4 {[%emt 0:00:01]} Qa4 {[%emt 0:00:12]} 26. Nf3 {[%emt 0:00:03]} Be4 {[%emt 0:00:06]} 27. Ne5 {[%emt 0:00:02]} Bxg2+ {[%emt 0:00:04]} 28. Kxg2 {[%emt 0:00:00]} Rfd8 {[%emt 0:00:08]} 29. Qd1 {[%emt 0:00:10]} Nxe3+ {[%emt 0:00:04] DACHI2020 Abandona (Lag: Av=0.60s, max=0.9s)} 0-1

[Event "Stay Safe Play From Home 131"]
[Site "T#645805Emanuel Laske"]
[Date "2020.05.07"]
[Round "4"]
[White "Indianquant"]
[Black "Little champs"]
[Result "0-1"]
[WhiteElo "2265"]
[BlackElo "2099"]
[Annotator "TA"]
[PlyCount "98"]
[EventDate "2020.05.07"]
[EventType "swiss (blitz)"]

{[%evp 20,98,18,7,52,51,76,54,121,100,170,155,194,189,583,571,1145,1108,1055,1010,1004,1014,1020,1012,942,195,191,194,197,206,199,196,179,23,6,0,0,-20,0,-21,76,74,111,108,187,-24,-35,-37,-36,-213,-7,-84,0,0,0,0,0,0,0,0,0,0,0,-27999,-27999,-27997,-27997,-27998,-27996,-27997,-27996,-27999,-27999,-27992,-27992,-27993,-27993,-27994,-27993,-27998,-27998]} 1. Nf3 e6 2. c4 Nf6 3. Nc3 d5 4. d4 c6 5. e3 Bd6 6. Bd3 Nbd7 7. O-O O-O 8. e4 dxc4 9. Bxc4 e5 10. Bg5 h6 11. Bh4 Qc7 {D46: Semi-Slav: 5 e3 Nbd7 6 Bd3, Black avoids the Meran.} 12. d5 g5 13. Bg3 {[#]} a6 $146 (13... Nc5 $14) ({Predecessor:} 13... Nc5 14. Qc2 a5 15. Rfd1 b5 16. Bxb5 cxd5 17. exd5 Rb8 18. Nxe5 Nce4 19. Nc6 Bxg3 20. hxg3 Nxc3 21. Qxc3 {1-0 (36) Pasko,L (2292)-Guxho,C (2124) Tirana 2017}) 14. dxc6 Qxc6 (14... bxc6 $16 {is a better defense.} 15. Qd2 Nh5) 15. Rc1 $18 {aiming for Na4.} Qxc4 16. Qxd6 {Hoping for Nd5.} Nxe4 $2 (16... Qc6 {is a better chance.} 17. Qxc6 bxc6 18. Nxe5 Re8) 17. Qxh6 Nxc3 18. Qxg5+ {[%mdl 64] [#] Double Attack} Kh7 19. Qh5+ Kg7 20. Rxc3 Qe6 21. Bxe5+ Nxe5 22. Qxe5+ $2 (22. Nxe5 Qh6 23. Rg3+ Kh7 24. Qf3) 22... Qxe5 23. Nxe5 Be6 24. Rfc1 Rfe8 25. f4 Rad8 26. Kf2 $2 (26. a3 $18) 26... Rd2+ $11 27. Kf3 Rxb2 28. R1c2 Bd5+ 29. Kg3 Rxc2 (29... Rxa2 $11 {keeps the balance.} 30. Rxa2 Bxa2) 30. Rxc2 {[%mdl 4096] Endgame KRB-KRN} Rg8 31. Kf2 Kf6 (31... b5 $16) 32. Rc7 $2 (32. g4 $18) 32... Rxg2+ {[%mdl 64] [#] Double Attack} 33. Ke3 Rxa2 34. Nd3 $2 (34. Kd4 $15 Rd2+ 35. Kc3) 34... Bc6 $2 (34... Rxh2 $19 35. Kd4 Ke6) 35. h4 (35. Ne5 $11 {remains equal.}) 35... Rh2 ({Black should play} 35... Ra3 $17 {Threatens to win with ...Bb5.} 36. Kd2 Bd5) 36. Ne5 {[%mdl 64] Strongly threatening Ng4+. Double Attack} Rxh4 (36... Rh3+ {seems wilder.} 37. Kd4 Be8 38. Rxb7 Rxh4 39. Rb6+ Kg7) 37. Nxc6 bxc6 38. Rxc6+ {KR-KR} Kf5 $2 {[%mdl 8192]} (38... Kg7 $11) 39. Rxa6 Rh3+ $2 {[%mdl 8192]} (39... f6 $11) 40. Kd4 f6 $2 {[%mdl 8192]} (40... Rh7 $11) 41. Ra5+ $2 {[%mdl 8192]} (41. Rb6 $11) 41... Kxf4 {Black mates.} 42. Ra6 f5 43. Ra1 Rf3 44. Rg1 Rf2 45. Rg8 Kf3 46. Ke5 f4 47. Rf8 Re2+ 48. Kf5 Ra2 49. Ra8 Rxa8 {Accuracy: White = 63%, Black = 48%.} 0-1